Money and credit in a development economy : the Greek case

Αποθηκεύτηκε σε:
Λεπτομέρειες βιβλιογραφικής εγγραφής
Κύριος συγγραφέας: Chalikias, Dem. I., (Demetrios I.)
Μορφή: Βιβλίο
Γλώσσα:English
Δημοσίευση: New York : New York University Press, 1978.
Θέματα:
Ετικέτες: Προσθήκη ετικέτας
Δεν υπάρχουν, Καταχωρήστε ετικέτα πρώτοι!

MARC

LEADER 00000cam a2200000 i 4500
001 1/65802
008 990113s1978 nyu eng d
020 |a 0814733891 
035 |l 10047196 
040 |a GR-MY-UA  |b gre  |e aacr 
041 0 |a eng 
082 0 |a 332.709495 
100 1 |a Chalikias, Dem. I.,   |q (Demetrios I.) 
245 1 0 |a Money and credit in a development economy :   |b the Greek case /   |c D.J.Halikias.  
260 |a New York :   |b New York University Press,   |c 1978.  
300 |a 308 p.  
504 |a Includes index 
650 0 0 |a Credit control  |z Greece. 
650 0 0 |a Monetary policy  |z Greece. 
650 0 0 |a Finance  |z Greece. 
852 |a INST  |b CHIOS  |e 19990113  |h 332.709495 CHA  |p 005200015113  |q 005200015113  |t BK  |y 0 
901 |a BIBL-1999-1 
909 |a Χ  |b 055209 
922 |a 2ΕΛΗ  |b 199901  |d ΛΕΜΟΝΙΑ